| 000 | 00576cam a2200169 4500 | ||
|---|---|---|---|
| 001 | 630 | ||
| 008 | 720720s1965 nyuab b 000 0 eng | ||
| 010 | _a65011962 | ||
| 100 | 1 |
_aPalmer, R. R. _q(Robert Roswell), _d1909-2002. |
|
| 245 | 1 | 2 |
_aA history of the modern world / _cR. R. Palmer, revised with the collaboration of Joel Colton. |
| 250 | _a2nd ed. | ||
| 260 |
_aNew York : _bKnopf, _c1963. |
||
| 300 |
_axiv, 996 p, xxxv p. : _bill., maps ; _c24 cm. |
||
| 504 | _aBibliography: p. [931]-996. | ||
| 650 | 0 | _aHistory, Modern. | |
| 700 | 1 | 0 |
_aColton, Joel G., _d1918- _ejoint author. |
| 999 |
_c466 _d466 |
||